000 00409nam a2200181Ia 4500
001 783
005 20260306140543.0
008 260306t1979||||xx |||||||||||||| ||spa||
041 _aESP
082 _a160.03
_bA29
100 _aAgazzi, Evandro
_eAUT
245 0 _aLa lógica simbólica
260 _c1979
300 _a355 páginas :
_c21 cm.
650 _aGEN
654 _aCHU
942 _cLIB
_dJUS
_fJUS
_2ddc
_n
999 _c783
_d783